| 000 | 004000000a22001090004500 | ||
|---|---|---|---|
| 090 |
_aAS _bSeriadas |
||
| 245 | 1 | 0 | _aFactores de interes referentes a la colonización de Haemagogus splendens para experimentos de transmisión con virus de fiebre amarilla en el laboratorio |
| 041 | 0 | _aEspañol | |
| 100 | 1 |
_aOsorno Mesa, Ernesto _999162 |
|
| 942 | _cARTICULO | ||
| 773 | 1 |
_tCaldasia _345 _h20 _q453-463 _d1947 _g4 |
|
| 999 |
_c14764 _d14764 |
||